| 000 | 00398nam a2200157Ia 4500 | ||
|---|---|---|---|
| 005 | 20250616015601.0 | ||
| 008 | 240331s9999 xx 000 0 und d | ||
| 020 | _a9558580023 | ||
| 082 |
_bSEN _a306 |
||
| 100 | _aSenanayake, C | ||
| 245 | 0 | _aPaduriyo | |
| 260 |
_aTharana Udawela _bBodhi Sabha _c2003 |
||
| 300 | _a165 p ., | ||
| 500 | _aCollection of Senanayake Narada Karunathilaka | ||
| 942 | _cL | ||
| 999 |
_c2120 _d2120 |
||